Berkat kerana rajin

Bibliographic Details
Main Author: Hamdan Mohd. Ali
Format: Book
Published: Selangor : Ilmu Media Trade , 2005
Series:Siri akhlak islam hadhari
Subjects:

MARC

LEADER 00000cam a2200000 7i4500
001 0000052742
005 20161011.0
008 151006
020 |a 9833300006 
090 0 0 |a REG   |b MAL 
100 1 |a Hamdan Mohd. Ali 
245 1 0 |a Berkat kerana rajin   |c Hamdan Mohd. Ali 
260 |a Selangor :   |b Ilmu Media Trade ,   |c 2005 
490 1 |a Siri akhlak islam hadhari 
500 |a Children ages 7-9 years old (orange) 
650 0 |a Children's stories, Malay 
650 0 |a Religion   |x Juvenile literature 
999 |a 0001133988   |b Book   |c Children Collection   |e Cawangan Bandar Penawar 
999 |a 0001133995   |b Book   |c Children Collection   |e Cawangan Segamat